الخدمة الإجتماعية في مجال العمل / (رقم التسجيلة. 79604)

تفاصيل مارك
000 -الفاتح
عناصر البيانات ثابتة الطول 00738cam a2200193 i 4500
005 - تاريخ ووقت آخر معاملة
حقل ضبط 20260127112019.0
008 - عناصر البيانات ثابتة الطول
عناصر البيانات ثابتة الطول 250721q9999 ua gr 000 0 ara d
082 14 - رقم تصنيف ديوي العشري
رقم التصنيف 361
رقم المادة ب د و
100 1# - مدخل رئيسي – اسم شخصي
الاسم الشخصي بدوي، أحمد زكي
علاقة الشخص بالعمل/ دوره مؤلف.
245 10 - بيان العنوان
العنوان الخدمة الإجتماعية في مجال العمل /
بيان المسؤولية دكتور احمد زكي بدوي.
264 1# - بيانات النشر، التوزيع…إلخ
مكان النشر، التوزيع...إلخ الإسكندرية :
اسم الناشر، الموزع...إلخ دار الجامعات المصرية،
تاريخ النشر، التوزيع...إلخ [بين 1990و2001].
300 ## - الوصف المادي
عدد الوحدات المكونة للوعاء 334 صفحة.
650 17 - مدخل إضافي بالموضوع - مصطلح موضوعي
مصطلح موضوعي أو اسم جغرافي كعنصر مدخل الخدمات الإجتماعية.
650 17 - مدخل إضافي بالموضوع - مصطلح موضوعي
مصطلح موضوعي أو اسم جغرافي كعنصر مدخل الخدمة الإجتماعية.
650 17 - مدخل إضافي بالموضوع - مصطلح موضوعي
مصطلح موضوعي أو اسم جغرافي كعنصر مدخل الرعايةالإجتماعيةالعمل.
650 17 - مدخل إضافي بالموضوع - مصطلح موضوعي
مصطلح موضوعي أو اسم جغرافي كعنصر مدخل العمال.
942 ## - بيانات إضافية (كوها)
نوع التنصيف Dewey Decimal Classification
نوع المادة (كوها) كتب
المقتنيات
حالة السحب حالة الفقدان مصدر التصنيف حالة التلف غير قابل للإعارة المكتبة الرئيسية المكتبة الحالية موقع الرف تاريخ التزويد الرقم المتسلسل Total Checkouts رقم الإستدعاء الباركود تاريخ آخر ظهور تاريخ الفاتورة نوع المادة (كوها)
    Dewey Decimal Classification     المكتبة المركزية المكتبة المركزية الإعارة 28/07/2025 1454242   361 / ب د و PLD00175346 28/07/2025 28/07/2025 كتب
Implemented & Customized by: BBB with SCIT (Smart Chains for Information Technology)

Powered by Koha